<?xml version="1.0" encoding="UTF-8"?>
<record
    xmlns:xsi="http://www.w3.org/2001/XMLSchema-instance"
    xsi:schemaLocation="http://www.loc.gov/MARC21/slim http://www.loc.gov/standards/marcxml/schema/MARC21slim.xsd"
    xmlns="http://www.loc.gov/MARC21/slim">

  <leader>02123naa2a2200217   4500</leader>
  <controlfield tag="001">RU\NLR\BIBL_A\010808616</controlfield>
  <controlfield tag="005">20240728194624.0</controlfield>
  <datafield tag="035" ind1=" " ind2=" ">
    <subfield code="a">(NLR Aleph) 010808616</subfield>
  </datafield>
  <datafield tag="090" ind1=" " ind2=" ">
    <subfield code="a">10193792</subfield>
    <subfield code="c">10193792</subfield>
  </datafield>
  <datafield tag="100" ind1=" " ind2=" ">
    <subfield code="a">20150727d2012    u  y0rusy50      ca</subfield>
  </datafield>
  <datafield tag="101" ind1="0" ind2=" ">
    <subfield code="a">rus</subfield>
    <subfield code="a">eng</subfield>
    <subfield code="e">eng</subfield>
  </datafield>
  <datafield tag="102" ind1=" " ind2=" ">
    <subfield code="a">RU</subfield>
  </datafield>
  <datafield tag="105" ind1=" " ind2=" ">
    <subfield code="a">y   z   000 y</subfield>
  </datafield>
  <datafield tag="200" ind1="1" ind2=" ">
    <subfield code="a">From Parchment to Pixel: Preparing the Codex Sinaticus for the Journey to Cyberspace</subfield>
    <subfield code="d">&#x41E;&#x442; &#x43F;&#x435;&#x440;&#x433;&#x430;&#x43C;&#x435;&#x43D;&#x442;&#x430; &#x43A; &#x43F;&#x438;&#x43A;&#x441;&#x435;&#x43B;&#x44E;: &#x43F;&#x43E;&#x434;&#x433;&#x43E;&#x442;&#x43E;&#x432;&#x43A;&#x430; &#x421;&#x438;&#x43D;&#x430;&#x439;&#x441;&#x43A;&#x43E;&#x433;&#x43E; &#x43A;&#x43E;&#x434;&#x435;&#x43A;&#x441;&#x430; &#x43A; &#x43F;&#x443;&#x442;&#x435;&#x448;&#x435;&#x441;&#x442;&#x432;&#x438;&#x44E; &#x432; &#x43A;&#x438;&#x431;&#x435;&#x440;&#x43F;&#x440;&#x43E;&#x441;&#x442;&#x440;&#x430;&#x43D;&#x441;&#x442;&#x432;&#x435;</subfield>
  </datafield>
  <datafield tag="210" ind1=" " ind2=" ">
    <subfield code="d">2012</subfield>
  </datafield>
  <datafield tag="463" ind1=" " ind2="0">
    <subfield code="1">001RU\NLR\BIBL_A\010808534</subfield>
    <subfield code="1">2001#$a&#x421;&#x438;&#x43D;&#x430;&#x439;&#x441;&#x43A;&#x438;&#x439; &#x43A;&#x43E;&#x434;&#x435;&#x43A;&#x441; &#x438; &#x43F;&#x430;&#x43C;&#x44F;&#x442;&#x43D;&#x438;&#x43A;&#x438; &#x434;&#x440;&#x435;&#x432;&#x43D;&#x435;&#x439; &#x445;&#x440;&#x438;&#x441;&#x442;&#x438;&#x430;&#x43D;&#x441;&#x43A;&#x43E;&#x439; &#x43F;&#x438;&#x441;&#x44C;&#x43C;&#x435;&#x43D;&#x43D;&#x43E;&#x441;&#x442;&#x438;: &#x442;&#x440;&#x430;&#x434;&#x438;&#x446;&#x438;&#x438; &#x438; &#x438;&#x43D;&#x43D;&#x43E;&#x432;&#x430;&#x446;&#x438;&#x438; &#x432; &#x441;&#x43E;&#x432;&#x440;&#x435;&#x43C;&#x435;&#x43D;&#x43D;&#x44B;&#x445; &#x438;&#x441;&#x441;&#x43B;&#x435;&#x434;&#x43E;&#x432;&#x430;&#x43D;&#x438;&#x44F;&#x445;$v&#x421;. 50-86: &#x438;&#x43B;.</subfield>
    <subfield code="9">10193442</subfield>
    <subfield code="a">(&#x41F;&#x44F;&#x442;&#x44B;&#x435; &#x417;&#x430;&#x433;&#x440;&#x435;&#x431;. &#x447;&#x442;&#x435;&#x43D;&#x438;&#x44F;), &#x421;&#x430;&#x43D;&#x43A;&#x442;-&#x41F;&#x435;&#x442;&#x435;&#x440;&#x431;&#x443;&#x440;&#x433;, 12-13 &#x43D;&#x43E;&#x44F;&#x431;&#x440;&#x44F; 2009 &#x433;.</subfield>
    <subfield code="c">&#x421;&#x430;&#x43D;&#x43A;&#x442;-&#x41F;&#x435;&#x442;&#x435;&#x440;&#x431;&#x443;&#x440;&#x433;</subfield>
    <subfield code="d">2012</subfield>
    <subfield code="l">Codex Sinaiticus and old manuscripts of early christian writting: traditions and innovations in modern research</subfield>
    <subfield code="n">&#x420;&#x43E;&#x441;&#x441;&#x438;&#x439;&#x441;&#x43A;&#x430;&#x44F; &#x43D;&#x430;&#x446;&#x438;&#x43E;&#x43D;&#x430;&#x43B;&#x44C;&#x43D;&#x430;&#x44F; &#x431;&#x438;&#x431;&#x43B;&#x438;&#x43E;&#x442;&#x435;&#x43A;&#x430;</subfield>
    <subfield code="o">&#x442;&#x440;&#x443;&#x434;&#x44B; &#x41C;&#x435;&#x436;&#x434;&#x443;&#x43D;&#x430;&#x440;&#x43E;&#x434;&#x43D;&#x43E;&#x439; &#x43D;&#x430;&#x443;&#x447;&#x43D;&#x43E;&#x439; &#x43A;&#x43E;&#x43D;&#x444;&#x435;&#x440;&#x435;&#x43D;&#x446;&#x438;&#x438; "&#x421;&#x438;&#x43D;&#x430;&#x439;&#x441;&#x43A;&#x438;&#x439; &#x43A;&#x43E;&#x434;&#x435;&#x43A;&#x441;. &#x420;&#x443;&#x43A;&#x43E;&#x43F;&#x438;&#x441;&#x44C; &#x432; &#x441;&#x43E;&#x432;&#x440;&#x435;&#x43C;&#x435;&#x43D;&#x43D;&#x43E;&#x43C; &#x438;&#x43D;&#x444;&#x43E;&#x440;&#x43C;&#x430;&#x446;&#x438;&#x43E;&#x43D;&#x43D;&#x43E;&#x43C; &#x43F;&#x440;&#x43E;&#x441;&#x442;&#x440;&#x430;&#x43D;&#x441;&#x442;&#x432;&#x435;", &#x421;&#x430;&#x43D;&#x43A;&#x442;-&#x41F;&#x435;&#x442;&#x435;&#x440;&#x431;&#x443;&#x440;&#x433;, [&#x438; &#x43C;&#x430;&#x442;&#x435;&#x440;&#x438;&#x430;&#x43B;&#x44B; &#x432;&#x44B;&#x441;&#x442;&#x430;&#x432;&#x43A;&#x438; "&#x421;&#x438;&#x43D;&#x430;&#x439;&#x441;&#x43A;&#x438;&#x439; &#x43A;&#x43E;&#x434;&#x435;&#x43A;&#x441; &#x438; &#x440;&#x443;&#x43A;&#x43E;&#x43F;&#x438;&#x441;&#x438; &#x421;&#x438;&#x43D;&#x430;&#x44F; &#x432; &#x444;&#x43E;&#x43D;&#x434;&#x430;&#x445; &#x420;&#x43E;&#x441;&#x441;&#x438;&#x439;&#x441;&#x43A;&#x43E;&#x439; &#x43D;&#x430;&#x446;&#x438;&#x43E;&#x43D;&#x430;&#x43B;&#x44C;&#x43D;&#x43E;&#x439; &#x431;&#x438;&#x431;&#x43B;&#x438;&#x43E;&#x442;&#x435;&#x43A;&#x438;" &#x438; &#x424;&#x43E;&#x440;&#x443;&#x43C;, &#x43F;&#x440;&#x43E;&#x445;&#x43E;&#x434;&#x438;&#x432;&#x448;&#x438;&#x445; &#x432; &#x440;&#x430;&#x43C;&#x43A;&#x430;&#x445; &#x417;&#x430;&#x433;&#x440;&#x435;&#x431;&#x438;&#x43D;&#x441;&#x43A;&#x438;&#x445; &#x447;&#x442;&#x435;&#x43D;&#x438;&#x439;]</subfield>
    <subfield code="p">260 &#x441;.</subfield>
    <subfield code="t">&#x421;&#x438;&#x43D;&#x430;&#x439;&#x441;&#x43A;&#x438;&#x439; &#x43A;&#x43E;&#x434;&#x435;&#x43A;&#x441; &#x438; &#x43F;&#x430;&#x43C;&#x44F;&#x442;&#x43D;&#x438;&#x43A;&#x438; &#x434;&#x440;&#x435;&#x432;&#x43D;&#x435;&#x439; &#x445;&#x440;&#x438;&#x441;&#x442;&#x438;&#x430;&#x43D;&#x441;&#x43A;&#x43E;&#x439; &#x43F;&#x438;&#x441;&#x44C;&#x43C;&#x435;&#x43D;&#x43D;&#x43E;&#x441;&#x442;&#x438;: &#x442;&#x440;&#x430;&#x434;&#x438;&#x446;&#x438;&#x438; &#x438; &#x438;&#x43D;&#x43D;&#x43E;&#x432;&#x430;&#x446;&#x438;&#x438; &#x432; &#x441;&#x43E;&#x432;&#x440;&#x435;&#x43C;&#x435;&#x43D;&#x43D;&#x44B;&#x445; &#x438;&#x441;&#x441;&#x43B;&#x435;&#x434;&#x43E;&#x432;&#x430;&#x43D;&#x438;&#x44F;&#x445;</subfield>
    <subfield code="y">9785819204283</subfield>
    <subfield code="v">&#x421;. 50-86: &#x438;&#x43B;.</subfield>
  </datafield>
  <datafield tag="701" ind1=" " ind2="1">
    <subfield code="a">Moorhead</subfield>
    <subfield code="b">G.</subfield>
    <subfield code="g">Gavin</subfield>
  </datafield>
  <datafield tag="701" ind1=" " ind2="1">
    <subfield code="a">Marzo</subfield>
    <subfield code="b">F.</subfield>
    <subfield code="g">Flavio</subfield>
  </datafield>
  <datafield tag="701" ind1=" " ind2="1">
    <subfield code="a">Mazzarino</subfield>
    <subfield code="b">S.</subfield>
    <subfield code="g">Sara</subfield>
  </datafield>
  <datafield tag="942" ind1=" " ind2=" ">
    <subfield code="c">BOOK</subfield>
  </datafield>
</record>
